[Event "2024 North Island Championships"]
[Site "Wellington NZL"]
[Date "2024.03.28"]
[Round "1.1"]
[White "Qu, Lucas"]
[Black "Ker, Anthony F"]
[Result "0-1"]
[WhiteElo "1633"]
[BlackElo "2217"]
[WhiteFideId "4314620"]
[BlackFideId "4300084"]

1. e4 c5 2. Nf3 g6 3. Bc4 Bg7 4. Nc3 Nc6 5. d3 a6 6. a4 e6 7. O-O Nge7 8. Re1
O-O 9. Be3 d5 10. exd5 exd5 11. Bxc5 dxc4 12. dxc4 Bxc3 13. Qxd8 Rxd8 14. Bxe7
Nxe7 15. bxc3 Nc6 16. h3 Be6 17. c5 Rac8 18. Rab1 Na5 19. Re5 Rd5 20. Rbe1
Rcxc5 21. Rxd5 Bxd5 22. Re3 Bc6 0-1

[Event "2024 North Island Championships"]
[Site "Wellington NZL"]
[Date "2024.03.28"]
[Round "1.2"]
[White "Croad, Nicolas"]
[Black "Li, Olivia"]
[Result "1-0"]
[WhiteElo "2209"]
[BlackElo "1595"]
[WhiteFideId "4300793"]
[BlackFideId "4317009"]

1. d4 Nf6 2. c4 d6 3. Nc3 g6 4. e4 Bg7 5. Nf3 Nbd7 6. Be2 O-O 7. Be3 e5 8. d5
a5 9. Nd2 b6 10. g4 Nc5 11. h4 Bb7 12. h5 c6 13. f3 cxd5 14. cxd5 Ba6 15. Nf1
Qd7 16. Bxa6 Rxa6 17. Qe2 Raa8 18. Ng3 Rac8 19. Rd1 Na4 20. g5 Ne8 21. Qh2 Bh8
22. Nxa4 Rb8 23. Nxb6 Qe7 24. Qh3 Rb7 25. Rc1 Rxb6 26. Bxb6 Qb7 27. hxg6 fxg6
28. Rc7 Rf7 29. Rxb7 Rxb7 30. Qc8 Re7 31. Bd8 Rf7 32. Qe6 Kf8 33. Nf5 gxf5 34.
g6 Rg7 35. Rxh7 Rxh7 36. gxh7 Kg7 37. Qg8+ Kh6 38. Bg5+ Kh5 39. Be7 Kh6 40.
Bf8+ Kh5 41. exf5 Nf6 42. Qg6+ Kh4 43. Be7 Kh3 44. Kf2 Kh4 45. Qg4# 1-0

[Event "2024 North Island Championships"]
[Site "Wellington NZL"]
[Date "2024.03.28"]
[Round "1.3"]
[White "Sova, Leo"]
[Black "Dive, Russell J"]
[Result "0-1"]
[WhiteElo "1583"]
[BlackElo "2192"]
[WhiteFideId "39909204"]
[BlackFideId "4300106"]

1. e4 c6 2. d4 d5 3. e5 Bf5 4. Nf3 e6 5. c3 Nd7 6. Be2 h6 7. Nbd2 Ne7 8. O-O
Bh7 9. b4 a5 10. Nb3 b6 11. a3 Qc7 12. Bb2 a4 13. Nc1 b5 14. Bd3 g5 15. Bxh7
Rxh7 16. h3 Nb6 17. Nd3 Ng6 18. Bc1 Be7 19. Ra2 O-O-O 20. g3 Rg8 21. Qe2 Qd8
22. Kg2 h5 23. Nh2 Qf8 24. f4 gxf4 25. Nxf4 Nh4+ 26. Kf2 Nf5 27. Rg1 h4 28. g4
Ng3 29. Qd3 Ne4+ 30. Ke1 Kd7 31. Nf3 Nc4 32. Nd2 Ncxd2 33. Bxd2 f5 34. Be3 fxg4
35. Rxg4 Rxg4 36. hxg4 h3 37. Rh2 Bh4+ 38. Ke2 Qg8 39. Rxh3 Qxg4+ 40. Rf3 Ng5
41. Bf2 Bxf2 42. Kxf2 Rh2+ 0-1

[Event "2024 North Island Championships"]
[Site "Wellington NZL"]
[Date "2024.03.28"]
[Round "1.4"]
[White "Rains, Edward"]
[Black "Barry, Jacob"]
[Result "1-0"]
[WhiteElo "2041"]
[BlackElo "1582"]
[WhiteFideId "4302940"]
[BlackFideId "4304462"]

1. e4 e5 2. Nf3 Nc6 3. d4 exd4 4. Bc4 Nf6 5. e5 d5 6. Bb5 Ne4 7. Nxd4 Bc5 8.
Be3 Bxd4 9. Bxd4 Bd7 10. Bxc6 bxc6 11. O-O c5 12. Be3 d4 13. Bf4 Ng5 14. Nd2
Ne6 15. Bg3 O-O 16. f4 f5 17. exf6 Qxf6 18. f5 Ng5 19. h4 Nf7 20. Ne4 Qb6 21.
f6 g6 22. b3 Bf5 23. Rxf5 gxf5 24. Qh5 Kh8 25. Ng5 Nxg5 26. hxg5 Kg8 27. g6 1-0

[Event "2024 North Island Championships"]
[Site "Wellington NZL"]
[Date "2024.03.28"]
[Round "1.5"]
[White "Nazeer, Afique M"]
[Black "Winter, Ryan"]
[Result "0-1"]
[WhiteElo "1572"]
[BlackElo "2037"]
[WhiteFideId "9970703"]
[BlackFideId "4306295"]

1. d4 Nf6 2. c4 e6 3. Nc3 Bb4 4. Nf3 O-O 5. a3 Bxc3+ 6. bxc3 Ne4 7. Qc2 f5 8.
e3 b6 9. Bd3 Bb7 10. O-O Nf6 11. Nd2 Nc6 12. Re1 Na5 13. f3 Qe8 14. e4 fxe4 15.
Nxe4 Nxe4 16. fxe4 e5 17. d5 d6 18. Be3 Ba6 19. Qe2 Qa4 20. Qg4 Kh8 21. Qd1
Qxd1 22. Rexd1 Bxc4 23. Bc2 Rf7 24. Rd2 Raf8 25. Rf2 Rxf2 26. Bxf2 Rf7 27. Re1
Bb3 28. Bd3 Kg8 29. Be3 Bc4 30. Bc2 Kf8 31. g4 Bb5 32. Kg2 Ke8 33. g5 Kd8 34.
Bc1 Kc8 35. Be3 c6 36. h3 Rc7 37. a4 Bc4 38. dxc6 Rxc6 39. Bd2 Kd7 40. Re3 Ke7
41. h4 Bb3 42. Bb1 Bxa4 43. Rf3 Bb3 44. h5 Bf7 45. g6 hxg6 46. hxg6 Bxg6 0-1

[Event "2024 North Island Championships"]
[Site "Wellington NZL"]
[Date "2024.03.28"]
[Round "1.6"]
[White "Archer, Ollie"]
[Black "Mayer, Uri"]
[Result "1-0"]
[WhiteElo "2004"]
[BlackElo "1571"]
[WhiteFideId "4317262"]
[BlackFideId "2862298"]

1. c4 c5 2. Nf3 Nc6 3. d4 cxd4 4. Nxd4 e6 5. g3 a6 6. Bg2 Bc5 7. Nb3 Bb4+ 8.
Nc3 Nf6 9. O-O O-O 10. e4 Bxc3 11. bxc3 d6 12. Ba3 Re8 13. Bxd6 Na5 14. Nxa5
Qxa5 15. e5 Nd7 16. Qd4 Nb8 17. Rfb1 Nc6 18. Bxc6 bxc6 19. Rb6 Qa4 20. Qc5 Bd7
21. Rb7 Red8 22. Be7 Bc8 23. Rb4 Rd1+ 24. Kg2 Qxb4 25. Rxd1 1-0

[Event "2024 North Island Championships"]
[Site "Wellington NZL"]
[Date "2024.03.28"]
[Round "1.7"]
[White "Tan, Jin"]
[Black "Timergazi, Layla"]
[Result "0-1"]
[WhiteElo "1567"]
[BlackElo "1976"]
[WhiteFideId "4320972"]
[BlackFideId "4303733"]

1. e4 c6 2. d4 d5 3. Nc3 dxe4 4. Nxe4 Nf6 5. Nxf6+ exf6 6. Nf3 Bd6 7. Bd3 O-O
8. O-O Re8 9. h3 Nd7 10. c3 Nf8 11. Be3 Ng6 12. Qb3 Bb8 13. Bc4 Qc7 14. Rfe1
Re7 15. Bf1 Nh4 16. Be2 Nxf3+ 17. Bxf3 Qh2+ 18. Kf1 f5 19. g3 f4 20. gxf4 Bxh3+
21. Ke2 Bxf4 22. Kd2 Qxf2+ 23. Be2 Qxe3+ 24. Kd1 Qd2# 0-1

[Event "2024 North Island Championships"]
[Site "Wellington NZL"]
[Date "2024.03.28"]
[Round "1.8"]
[White "Nicholls, Leighton"]
[Black "Barnes, Joshua"]
[Result "1-0"]
[WhiteElo "1930"]
[BlackElo "1565"]
[WhiteFideId "4303776"]
[BlackFideId "4321502"]

1. e4 e6 2. d4 d5 3. e5 c5 4. c3 Nc6 5. Nf3 Qb6 6. Be2 Bd7 7. O-O Nh6 8. b3 Nf5
9. Bb2 c4 10. Qc2 cxb3 11. Qxb3 Qc7 12. Nbd2 a5 13. a4 Na7 14. c4 dxc4 15. Nxc4
b5 16. axb5 Nxb5 17. Rfc1 Qd8 18. d5 exd5 19. Ne3 a4 20. Rxa4 Rxa4 21. Qxa4 Nc3
22. Qc2 Nxe2+ 23. Qxe2 Nxe3 24. Qxe3 Be7 25. e6 fxe6 26. Bxg7 Rg8 27. Qh6 Bc8
28. Qh5+ 1-0

[Event "2024 North Island Championships"]
[Site "Wellington NZL"]
[Date "2024.03.29"]
[Round "1.9"]
[White "Joseph, Joji Chacko"]
[Black "Young, Cohen"]
[Result "0-1"]
[WhiteElo "1554"]
[BlackElo "1914"]

1. d4 Nf6 2. Bf4 d5 3. e3 c5 4. Nd2 Qb6 5. dxc5 Qxb2 6. Ngf3 Bg4 7. Be2 Nbd7 8.
O-O e5 9. Rb1 Qc3 10. Rb3 Qa5 11. Nxe5 Bxe2 12. Qxe2 Nxc5 13. Qb5+ Qxb5 14.
Rxb5 Nfd7 15. Nb3 a6 16. Nxd7 axb5 17. Nxf8 Nxb3 18. axb3 Kxf8 19. b4 Ke7 20.
Be5 f6 21. Bd4 Rhc8 22. c3 Ra2 23. Rc1 Rca8 24. g3 Rd2 25. Kg2 Raa2 26. Rf1 g5
27. Kf3 h5 28. Kg2 g4 29. Kg1 Ke6 30. e4 dxe4 31. Re1 Kd5 32. Be3 Rd3 33. Bd4
f5 34. Kg2 Kc4 35. h3 Rxd4 0-1

[Event "2024 North Island Championships"]
[Site "Wellington NZL"]
[Date "2024.03.29"]
[Round "1.10"]
[White "Christie, Richie"]
[Black "Yang, Edison J"]
[Result "1/2-1/2"]
[WhiteElo "1906"]
[BlackElo "1552"]
[WhiteFideId "4307470"]
[BlackFideId "4317432"]
[PlyCount "0"]
[EventDate "2024.03.29"]
[SourceDate ""]

1. d4 d5 2. Nc3 Bf5 3. Bf4 c6 4. f3 e6 5. g4 Bg6 6. h4 h6 7. e3 Bd6 8. Nge2
Bxf4 9. Nxf4 Qc7 10. Bd3 Ne7 11. Bxg6 Nxg6 12. Nh5 Kf8 13. Qd2 Nd7 14. f4 Ne7
15. O-O-O c5 16. Rhf1 a6 17. e4 c4 18. f5 Kg8 19. g5 b5 20. Qg2 b4 21. gxh6 g6
22. fxg6 fxg6 23. Qg5 Rh7 24. Ne2 c3 25. Nef4 Qa5 26. Nxg6 Qxa2 27. Nxe7+ Kh8
28. Ng6+ Kg8 1/2-1/2

[Event "2024 North Island Championships"]
[Site "Wellington NZL"]
[Date "2024.03.29"]
[Round "1.11"]
[White "Xu, Jeremy Xi"]
[Black "Cummings, Nick"]
[Result "1/2-1/2"]
[WhiteElo "1549"]
[BlackElo "1899"]

1. b3 e5 2. Bb2 d6 3. e3 Nc6 4. Bb5 Bd7 5. Ne2 a6 6. Bxc6 Bxc6 7. O-O Qg5 8. f3
Ne7 9. Qe1 Ng6 10. Qg3 Qxg3 11. Nxg3 Be7 12. Nf5 Bf6 13. Ng3 h5 14. Ne2 O-O-O
15. f4 h4 16. h3 Rhe8 17. Na3 Rd7 18. Rad1 Rde7 19. c4 Be4 20. d3 Bc6 21. f5
Nf8 22. e4 1/2-1/2

[Event "2024 North Island Championships"]
[Site "Wellington NZL"]
[Date "2024.03.29"]
[Round "1.12"]
[White "Langford, Joshua"]
[Black "Grant, Elliot James"]
[Result "1-0"]
[WhiteElo "1896"]
[BlackElo "1537"]

1. e4 e5 2. Nf3 Nf6 3. d4 Nxe4 4. Bd3 d5 5. Nxe5 Bf5 6. O-O g6 7. Re1 Be7 8.
Bh6 Nd7 9. Nc3 Nxc3 10. bxc3 Bxd3 11. Qxd3 c6 12. Ng4 f6 13. Bg7 Kf7 14. Bxh8
Qxh8 15. Qe2 Re8 16. Qe6+ Kf8 17. Qxd7 h5 18. Ne3 f5 19. Rab1 Qf6 20. Rxb7 f4
21. Nf1 g5 22. Re5 {1:0} 1-0

[Event "2024 North Island Championships"]
[Site "Wellington NZL"]
[Date "2024.03.29"]
[Round "1.13"]
[White "Meng, Harrison Xiang Zhi"]
[Black "Van der Hoorn, Thomas"]
[Result "0-1"]
[WhiteElo "1524"]
[BlackElo "1874"]

1. d4 Nf6 2. Bf4 e6 3. Nf3 c5 4. c3 Nc6 5. Nbd2 d5 6. e3 Bd6 7. Ne5 Qc7 8. Nxc6
Qxc6 9. Bxd6 Qxd6 10. Nf3 O-O 11. g3 b6 12. Bg2 Bb7 13. O-O cxd4 14. Qxd4 Rac8
15. Ne5 Qc5 16. Rfd1 Rfd8 17. c4 Qc7 18. b3 h6 19. Qb2 dxc4 20. Nxc4 Bxg2 21.
Kxg2 Rd5 22. Rxd5 Nxd5 23. Rd1 b5 24. Nd2 Qc2 25. Qxc2 Rxc2 26. a3 Nc3 27. Ra1
Rxd2 28. Kf3 Kf8 29. h4 Rd1 30. Rxd1 Nxd1 31. Ke2 Nc3+ 32. Kd3 Nd5 33. f4 Ke7
34. e4 Nb6 35. Kd4 Kd6 36. g4 Nd7 37. e5+ Kc6 38. f5 a5 39. b4 axb4 40. axb4
Nb6 41. fxe6 fxe6 42. g5 hxg5 43. hxg5 g6 44. Ke4 Nd5 45. Kd4 Nxb4 46. Kc3 Kd5
47. Kxb4 Kxe5 48. Kxb5 Kf4 49. Kc5 e5 50. Kc4 e4 51. Kc3 Kf3 52. Kd2 Kf2 53.
Kd1 e3 54. Kc2 e2 0-1

[Event "2024 North Island Championships"]
[Site "Wellington NZL"]
[Date "2024.03.29"]
[Round "1.14"]
[White "Winsley, Nicholas"]
[Black "Wen, Sandy"]
[Result "1-0"]
[WhiteElo "1871"]
[BlackElo "1484"]

1. e4 c5 2. Nf3 d6 3. d4 cxd4 4. Nxd4 e5 5. Nf3 Nf6 6. Nc3 Be7 7. Be2 Nc6 8.
Bg5 h6 9. Bxf6 Bxf6 10. Qd2 O-O 11. Nd5 Bg5 12. Nxg5 Qxg5 13. Qxg5 hxg5 14. Nc7
Rb8 15. Rd1 Nd4 16. c3 Nxe2 17. Kxe2 Rd8 18. Rd2 Kf8 19. Rhd1 Ke7 20. Nb5 Be6
21. Nxd6 g6 22. c4 a6 23. b4 Rd7 24. c5 Bg4+ 25. f3 Be6 26. a4 Bb3 27. Ra1 Rbd8
28. Ra3 Be6 29. Rad3 Rb8 30. g4 f6 31. Ke3 Rh8 32. Rc2 Rhd8 33. Rdc3 Rc7 34.
Nc4 Rd4 35. h3 Bxc4 36. Rxc4 Rxc4 37. Rxc4 Kd7 38. Rc3 Kc6 39. Rd3 Rd7 40. Rxd7
Kxd7 41. Kd3 Kc7 42. Kc4 Kc6 43. b5+ Kd7 44. Kd5 a5 45. b6 Kc8 46. Ke6 Kd8 47.
Kxf6 Kd7 1-0

[Event "2024 North Island Championships"]
[Site "Wellington NZL"]
[Date "2024.03.29"]
[Round "1.15"]
[White "Gu, Marcus Zhenbo"]
[Black "Loke, Kayden"]
[Result "0-1"]
[WhiteElo "1468"]
[BlackElo "1867"]

1. e4 d6 2. Nf3 g6 3. d4 Bg7 4. Be3 c5 5. Bb5+ Bd7 6. Bxd7+ Nxd7 7. Nbd2 Qb6 8.
Nc4 Qb4+ 9. Ncd2 cxd4 10. a3 Qxb2 11. Rb1 Qxa3 12. Nxd4 Bxd4 13. Bxd4 Ngf6 14.
Rxb7 Nc5 15. Bxc5 Qxc5 16. Nb3 Qc3+ 17. Qd2 Nxe4 18. Qxc3 Nxc3 19. O-O a5 20.
Nd4 e6 21. Rb3 Ne4 22. Re1 Nc5 23. Rb6 d5 24. Nb5 O-O 25. Nc7 Rac8 26. Rc6 Na6
27. Rxa6 Rxc7 28. Rxa5 Rxc2 29. g3 Rfc8 30. Kg2 Rd2 31. Ra7 Rcc2 32. Rf1 e5 33.
Kf3 e4+ 34. Ke3 Rd3+ 35. Kf4 f6 36. g4 Rf3# 0-1

[Event "2024 North Island Championships"]
[Site "Wellington NZL"]
[Date "2024.03.29"]
[Round "1.16"]
[White "Chang, Luke"]
[Black "Gu, Claire Yuqi"]
[Result "1-0"]
[WhiteElo "1866"]
[BlackElo "1431"]
[WhiteFideId "4325605"]
[BlackFideId "4314964"]
[PlyCount "0"]
[EventDate "2024.03.29"]
[SourceDate ""]

1. e4 e5 2. Nf3 Nc6 3. Bc4 Bc5 4. d3 Nf6 5. c3 O-O 6. O-O d6 7. Re1 Bg4 8. h3
Bh5 9. Nbd2 Re8 10. Nf1 d5 11. exd5 Nxd5 12. Ng3 Bxf3 13. Qxf3 Nb6 14. Bxf7+
Kh8 15. Bxe8 Qxe8 16. d4 Bd6 17. Bf4 Nd7 18. dxe5 Ncxe5 19. Bxe5 Bxe5 20. Rad1
Rd8 21. Rxd7 Rxd7 22. Rxe5 Re7 23. Rxe7 Qxe7 24. Qxb7 h6 25. Qa8+ Kh7 26. Qe4+
Qxe4 27. Nxe4 Kg6 28. Kf1 Kf5 29. Nc5 a5 30. b4 axb4 31. cxb4 Ke5 32. a4 Kd6
33. a5 Kc6 34. a6 Kb6 35. g4 g5 36. h4 c6 37. f4 gxf4 38. g5 1-0

[Event "2024 North Island Championships"]
[Site "Wellington NZL"]
[Date "2024.03.29"]
[Round "1.17"]
[White "Lieser, Joshua"]
[Black "Benitez, Edgar"]
[Result "1-0"]
[WhiteElo "1394"]
[BlackElo "1855"]

1. e4 d5 2. exd5 Nf6 3. d4 Nxd5 4. c4 Nf6 5. Nc3 c6 6. Nf3 Bg4 7. Be2 e6 8. O-O
Bd6 9. b3 O-O 10. Bg5 Nbd7 11. Ne4 Be7 12. Nfd2 Bxe2 13. Qxe2 Nxe4 14. Bxe7
Qxe7 15. Nxe4 Nf6 16. Ng5 Rad8 17. Rad1 Rd7 18. Rd2 Rfd8 19. Rfd1 b5 20. Nf3 a6
21. Ne5 Rc7 22. Qf3 Qd6 23. c5 Qd5 24. b4 Qxf3 25. Nxf3 Nd5 26. a3 f6 27. Re1
Kf7 28. Rde2 Re7 29. Nd2 Nf4 30. Re4 g5 31. Nf3 a5 32. h4 h6 33. Ra1 Ra8 34. g3
Nd5 35. Ree1 axb4 36. hxg5 hxg5 37. axb4 Rea7 38. Rab1 Ra4 39. Nd2 Nxb4 40. Ne4
Nd3 41. Nd6+ Ke7 42. Re3 Nb4 43. Rbe1 Nd5 44. Rxe6+ Kd7 45. Nxb5 cxb5 46. Rd6+
Kc7 47. Rxd5 Ra1 48. Kf1 b4 49. Rd6 b3 50. Rb6 Rxe1+ 51. Kxe1 Rb8 52. Rxb8 Kxb8
53. Kd2 1-0

[Event "2024 North Island Championships"]
[Site "Wellington NZL"]
[Date "2024.03.29"]
[Round "1.18"]
[White "Ashton, Matthew"]
[Black "Fisher, Calexico"]
[Result "1-0"]
[WhiteElo "1837"]
[BlackElo "1385"]
[PlyCount "129"]
[EventDate "2024.03.29"]

1. e4 d6 2. d4 Nf6 3. Nc3 g6 4. Nf3 Bg7 5. Bd3 O-O 6. O-O Nbd7 7. Bd2 e5 8.
dxe5 Nxe5 9. Nxe5 dxe5 10. Bg5 c6 11. Qd2 Qc7 12. Rad1 Be6 13. Kh1 Rad8 14. f3
Rd6 15. Qe3 b6 16. Be2 Rfd8 17. Rd3 Rxd3 18. Bxd3 Rd7 19. Rd1 Nh5 20. Qc1 f6
21. Be3 f5 22. Be2 Rxd1+ 23. Qxd1 f4 24. Bf2 Qd7 25. Qxd7 Bxd7 26. Bc4+ Kf8 27.
a3 Ke7 28. Kg1 Kd6 29. Kf1 Nf6 30. Ke2 g5 31. Na2 Be6 32. Bxe6 Kxe6 33. Nb4 Kd6
34. Nd3 Nd7 35. Be1 a5 36. Bc3 Bf6 37. h3 h5 38. a4 Nc5 39. Nxc5 Kxc5 40. b3
Bg7 41. Kd3 Bf6 42. Be1 Bd8 43. Bf2+ Kb4 44. Be1+ Ka3 45. Kc4 Be7 46. Bf2 Bd8
47. Kc3 Bc7 48. h4 gxh4 49. Bxh4 b5 50. axb5 cxb5 51. Be7+ Ka2 52. Bc5 Kb1 53.
Kd2 a4 54. bxa4 bxa4 55. Bb4 Bb6 56. c4 Bd4 57. c5 Ka2 58. c6 Bb6 59. Bd6 a3
60. c7 Ba5+ 61. Kd3 Bxc7 62. Bxc7 Kb3 63. Bxe5 a2 64. Bd4 h4 65. e5 1-0

[Event "2024 North Island Championships"]
[Site "Wellington NZL"]
[Date "2024.03.29"]
[Round "1.19"]
[White "Bohme, Alex"]
[Black "Wang, Justin Zhide"]
[Result "0-1"]
[WhiteElo "1301"]
[BlackElo "1825"]
[PlyCount "40"]
[EventDate "2024.03.29"]

1. d4 e6 2. e4 d5 3. exd5 exd5 4. c4 Nf6 5. Nc3 Bb4 6. Nf3 O-O 7. a3 Re8+ 8.
Be3 Bxc3+ 9. bxc3 Bg4 10. h3 Bh5 11. g4 Bg6 12. Be2 Ne4 13. Qb3 dxc4 14. Qxb7
Nd7 15. Bxc4 Nd6 16. Qb3 Rb8 17. Qa2 Nxc4 18. Qxc4 Be4 19. Qe2 Qf6 20. Bg5 Bxf3
0-1

[Event "2024 North Island Championships"]
[Site "Wellington NZL"]
[Date "2024.03.29"]
[Round "1.20"]
[White "Steele, Hayden"]
[Black "He, Zachary"]
[Result "1-0"]
[WhiteElo "1812"]
[BlackElo "1276"]
[WhiteFideId "4319176"]
[BlackFideId "4320905"]
[PlyCount "0"]
[EventDate "2024.03.29"]
[SourceDate ""]

1. e4 e6 2. d4 d5 3. Nc3 Nf6 4. Bg5 Bb4 5. e5 h6 6. Bd2 Bxc3 7. bxc3 Nfd7 8.
Qg4 g6 9. h4 c5 10. Bd3 c4 11. Bxg6 Rg8 12. Qxe6+ Qe7 13. Bxf7+ Kd8 14. Bxg8
Qxe6 15. Bxe6 Ke7 16. Bxd5 Nb6 17. Be4 1-0

[Event "2024 North Island Championships"]
[Site "Wellington NZL"]
[Date "2024.03.29"]
[Round "1.21"]
[White "Zhang, Daniel"]
[Black "Thurner, Anya"]
[Result "0-1"]
[WhiteElo "1170"]
[BlackElo "1809"]
[PlyCount "86"]
[EventDate "2024.03.29"]

1. e4 e5 2. Nf3 Nc6 3. Bc4 Bc5 4. c3 Nf6 5. d4 exd4 6. cxd4 Bb4+ 7. Bd2 Bxd2+
8. Nbxd2 d5 9. exd5 Nxd5 10. Nb3 O-O 11. O-O Bg4 12. h3 Bh5 13. Qd3 Nb6 14.
Nfd2 Bg6 15. Qe3 Re8 16. Qf4 Nxc4 17. Nxc4 Re4 18. Qf3 Nxd4 19. Nxd4 Qxd4 20.
b3 b5 21. Rad1 Qc5 22. Nd2 Ree8 23. Rfe1 Qc2 24. Nb1 Rac8 25. Nc3 b4 26. Qc6
Rxe1+ 27. Rxe1 Rf8 28. Re8 Qxc3 29. Rxf8+ Kxf8 30. Qd7 Qc1+ 31. Kh2 Qf4+ 32.
Kg1 Qd6 33. Qc8+ Ke7 34. Qg4 h6 35. Qe2+ Kf8 36. Qb5 Qb6 37. Qd7 Kg8 38. Qd2
Kh7 39. Qf4 Qc5 40. Qd2 a5 41. Qe2 Qc1+ 42. Kh2 Qc2 43. Qe5 Qxa2 0-1

[Event "2024 North Island Championships"]
[Site "Wellington NZL"]
[Date "2024.03.29"]
[Round "1.22"]
[White "Ha, Timothy Huy Minh"]
[Black "Kierstead, James"]
[Result "1-0"]
[WhiteElo "1808"]
[BlackElo "1155"]
[PlyCount "117"]
[EventDate "2024.03.29"]

1. d4 b6 2. e4 c5 3. d5 d6 4. Nf3 g6 5. Be2 Bg7 6. O-O Nf6 7. Nbd2 O-O 8. c3
Bg4 9. h3 Bd7 10. Nh2 b5 11. Qc2 a5 12. c4 b4 13. f4 e6 14. e5 Ne8 15. Ndf3 a4
16. Rb1 a3 17. b3 Na6 18. Be3 Nac7 19. exd6 Na6 20. Rbd1 Nxd6 21. Ne5 Bxe5 22.
fxe5 Nf5 23. Bf2 Qg5 24. Ng4 Ra7 25. Nf6+ Kh8 26. Qd2 Qxd2 27. Rxd2 Rd8 28. g4
Ne7 29. Be3 Kg7 30. Ne4 Rc8 31. Nd6 Rf8 32. Bg5 Nc8 33. Bf6+ Kg8 34. Ne4 Nb6
35. Be7 Rb8 36. Nxc5 Be8 37. Nxa6 Rxa6 38. Bd6 Rd8 39. c5 Nxd5 40. Rxd5 exd5
41. Bxa6 Bc6 42. Bd3 Kg7 43. Rf4 Rd7 44. Rxb4 f6 45. Rb6 Ba8 46. e6 Rd8 47. e7
Rc8 48. Bb5 Kf7 49. e8=Q+ Rxe8 50. Bxe8+ Kxe8 51. Rb8+ Kd7 52. Rxa8 Ke6 53. Kf2
d4 54. Ke2 Kd5 55. Kd3 f5 56. gxf5 gxf5 57. Rf8 h6 58. Rxf5+ Kc6 59. Kxd4 1-0

[Event "2024 North Island Championships"]
[Site "Wellington NZL"]
[Date "2024.03.29"]
[Round "1.23"]
[White "Dey, Kyle"]
[Black "Weng, Winston"]
[Result "0-1"]
[WhiteElo "1073"]
[BlackElo "1800"]
[PlyCount "80"]
[EventDate "2024.03.29"]

1. e4 c5 2. Nf3 e6 3. Nc3 a6 4. Bd3 Nc6 5. O-O d6 6. Ng5 Qxg5 7. Qf3 Ne5 8. Qe3
Qxe3 9. dxe3 b5 10. Be2 Bb7 11. f4 Nd7 12. f5 Ngf6 13. Bf3 Ne5 14. Bd2 Be7 15.
Rad1 O-O 16. fxe6 fxe6 17. a3 Nc4 18. b3 Nxd2 19. Rxd2 b4 20. axb4 cxb4 21. Ne2
Bxe4 22. Bxe4 Nxe4 23. Rxf8+ Rxf8 24. Rd4 d5 25. Rd1 Bg5 26. Nf4 Bxf4 27. exf4
Rxf4 28. Rf1 Rf7 29. g3 e5 30. Rxf7 Kxf7 31. c4 bxc3 32. Kf1 c2 33. Ke2 c1=Q
34. b4 d4 35. Kd3 Nf2+ 36. Ke2 Qe3+ 37. Kf1 Ng4 38. Kg2 Qe2+ 39. Kh3 Ne3 40. g4
Qxg4# 0-1

[Event "2024 North Island Championships"]
[Site "Wellington NZL"]
[Date "2024.03.29"]
[Round "1.24"]
[White "Malcolm, Leo"]
[Black "Sun, Oliver"]
[Result "1-0"]
[WhiteElo "1794"]
[BlackElo "1072"]
[WhiteFideId "4317408"]
[BlackFideId "4325184"]
[PlyCount "0"]
[EventDate "2024.03.29"]
[SourceDate ""]

1. e4 e5 2. Nc3 Nc6 3. Nf3 Nf6 4. Nxe5 Nxe5 5. d4 Nc6 6. d5 Ne5 7. f4 Ng6 8. e5
Ng8 9. d6 cxd6 10. exd6 Qb6 11. Nb5 Kd8 12. Bd2 a6 13. Nc7 Rb8 14. Qh5 Qxd6 15.
Nd5 Nf6 16. Nxf6 Qxf6 17. f5 Qh4+ 18. Qxh4+ Nxh4 19. Bf4 d6 20. g4 Nf3+ 21. Kf2
Nd4 22. Rd1 Nc6 23. Bc4 f6 24. Rhe1 Ne5 25. Bxe5 fxe5 26. Rxe5 Kc7 27. Ree1 b5
28. Bb3 g6 29. fxg6 hxg6 30. Kg3 g5 31. Rd5 Bh6 32. Re7+ Kc6 33. Rd3 Rb7 34.
Bd5+ Kb6 35. Bxb7 Bxb7 36. Rxd6+ Kc5 37. Rxh6 Rxh6 38. Rxb7 Rg6 39. h4 gxh4+
40. Kxh4 Kc6 41. Ra7 Kb6 42. Rf7 Rc6 43. Rf2 Rh6+ 44. Kg5 Rc6 45. Rf6 1-0

[Event "2024 North Island Championships"]
[Site "Wellington NZL"]
[Date "2024.03.29"]
[Round "1.25"]
[White "Ravi, Vrajesh"]
[Black "Gan, Emily Cathay"]
[Result "0-1"]
[WhiteElo "1054"]
[BlackElo "1793"]

1. e4 c5 2. Nf3 d6 3. Nc3 Nf6 4. Bc4 Nc6 5. O-O g6 6. Re1 Bg7 7. h3 O-O 8. d4
cxd4 9. Nxd4 Nxd4 10. Qxd4 Nd7 11. Qd1 Ne5 12. Bb3 Nc6 13. Bf4 Kh8 14. Qf3 f5
15. exf5 Bxf5 16. g4 Bd7 17. Ba4 e5 18. Be3 Rxf3 19. Kg2 Rf8 20. Nd5 Ne7 21.
Nxe7 Bxa4 22. Nd5 Bxc2 23. Rac1 Be4+ 24. f3 Bxf3+ 25. Kg1 Bxd5 26. Rcd1 Bc6 27.
Rf1 Qh4 28. Rxf8+ Rxf8 29. Rxd6 Qe1+ 0-1

[Event "2024 North Island Championships"]
[Site "Wellington NZL"]
[Date "2024.03.29"]
[Round "1.26"]
[White "Keith, Matthew"]
[Black "Cao, Sam"]
[Result "1-0"]
[WhiteElo "1791"]
[BlackElo "1048"]
[PlyCount "63"]
[EventDate "2024.03.29"]

1. d4 d5 2. c4 e6 3. Nf3 Nf6 4. cxd5 exd5 5. Bg5 h6 6. Bh4 Be7 7. e3 O-O 8. Bd3
c5 9. Nc3 b6 10. Qe2 Re8 11. O-O Bg4 12. h3 Bh5 13. g4 Bg6 14. Bxg6 fxg6 15.
Ne5 g5 16. Bg3 Bd6 17. Qd3 Bxe5 18. dxe5 Nh7 19. Qxd5+ Qxd5 20. Nxd5 Nc6 21.
Nc7 Rad8 22. Nxe8 Rxe8 23. f4 Rd8 24. Rad1 Kf7 25. Rxd8 Nxd8 26. Rd1 Nc6 27. f5
a5 28. Rd7+ Ke8 29. Rxg7 Nf8 30. e6 b5 31. Bd6 c4 32. Rg8 1-0

[Event "2024 North Island Championships"]
[Site "Wellington NZL"]
[Date "2024.03.29"]
[Round "1.27"]
[White "He, Jacob"]
[Black "Wilson, Dion A"]
[Result "0-1"]
[WhiteElo "1021"]
[BlackElo "1785"]
[WhiteFideId "4320891"]
[BlackFideId "4321413"]
[PlyCount "0"]
[EventDate "2024.03.29"]
[SourceDate ""]

1. e4 Nc6 2. Nf3 d5 3. Nc3 d4 4. Bb5 dxc3 5. Bxc6+ bxc6 6. d4 Nf6 7. Qe2 cxb2
8. Bxb2 Rb8 9. Rb1 Bg4 10. O-O e6 11. Bc3 Be7 12. h3 Bh5 13. e5 Nd5 14. Qe4 O-O
15. Bd2 Bg6 16. Qg4 Rxb1 17. Rxb1 Bxc2 18. Bh6 Bg6 19. Rb3 gxh6 20. Nh4 Bxh4
21. Qxh4 Qxh4 0-1

[Event "2024 North Island Championships"]
[Site "Wellington NZL"]
[Date "2024.03.29"]
[Round "1.28"]
[White "Wells, Clinton A"]
[Black "Hao, John"]
[Result "1-0"]
[WhiteElo "1765"]
[BlackElo "986"]
[PlyCount "71"]
[EventDate "2024.03.29"]

1. c4 e5 2. Nc3 Nf6 3. Nf3 e4 4. Ng5 Qe7 5. Qc2 d6 6. Ngxe4 Bf5 7. Nxf6+ Qxf6
8. e4 Bg6 9. Nd5 Qd8 10. d4 c6 11. Nf4 c5 12. d5 Be7 13. Bd2 O-O 14. g3 Nd7 15.
Bg2 Ne5 16. h4 h6 17. Nxg6 Nxg6 18. f4 Nxh4 19. gxh4 Bxh4+ 20. Kd1 Qd7 21. Rxh4
Qe7 22. Rh1 Qd7 23. Qd3 Qg4+ 24. Qf3 Qd7 25. Kc2 b5 26. Bf1 b4 27. Bh3 Qb7 28.
b3 a5 29. a4 Rfe8 30. Rae1 Qe7 31. Bc1 Qf6 32. Bb2 Qe7 33. Bf5 g6 34. Rxh6 f6
35. Rxg6+ Kh8 36. Rh1+ 1-0